Statistics for Temples of The Church of Jesus Christ of Latter-day Saints

Click here to take the quiz!

General Stats

  • This quiz has been taken 1,332 times
    (61 since last reset)
  • The average score is 166 of 335

Answer Stats

HintAnswer% Correct
GhanaAccra
93%
PeruLima
87%
MexicoMexico City
87%
MexicoMexico City Benemérito
87%
(Utah)Salt Lake
87%
FinlandHelsinki
80%
EnglandLondon
80%
AustraliaMelbourne
80%
PennsylvaniaPhiladelphia
80%
OregonPortland
80%
North CarolinaRaleigh
80%
ItalyRome
80%
AustraliaSydney
80%
JapanTokyo
80%
D.C.Washington
80%
AustraliaAdelaide
73%
New MexicoAlbuquerque
73%
AlaskaAnchorage
73%
GeorgiaAtlanta
73%
New ZealandAuckland
73%
LouisianaBaton Rouge
73%
MontanaBillings
73%
ColombiaBogotá
73%
IdahoBoise
73%
ArgentinaBuenos Aires
73%
ArgentinaBuenos Aires City Center
73%
TexasDallas
73%
GuatemalaGuatemala City
73%
GermanyHamburg
73%
TexasHouston
73%
South AfricaJohannesburg
73%
UkraineKyiv
73%
NevadaLas Vegas
73%
CaliforniaLos Angeles
73%
GuatemalaMiraflores Guatemala City
73%
NorwayOslo
73%
PennsylvaniaPittsburgh
73%
CaliforniaSan Diego
73%
Chile | PhilippinesSantiago
73%
ChileSantiago West
73%
MinnesotaSt. Paul
73%
OntarioToronto
73%
British Columbia | WashingtonVancouver
73%
ParaguayAsunción
67%
ThailandBangkok
67%
SwitzerlandBern
67%
Alabama | EnglandBirmingham
67%
MexicoCancún
67%
South AfricaCape Town
67%
ColoradoColorado Springs
67%
DenmarkCopenhagen
67%
ColoradoDenver
67%
United Arab EmiratesDubai
67%
PennsylvaniaHarrisburg
67%
ConnecticutHartford
67%
IndianaIndianapolis
67%
MissouriKansas City
67%
Dem. Rep. of the CongoKinshasa
67%
UtahLogan
67%
SpainMadrid
67%
PhilippinesManila
67%
FloridaOrlando
67%
AustraliaPerth
67%
HaitiPort-au-Prince
67%
UtahProvo
67%
EcuadorQuito
67%
SaskatchewanRegina
67%
VirginiaRichmond
67%
BrazilRio de Janeiro
67%
CaliforniaSacramento
67%
TexasSan Antonio
67%
BrazilSão Paulo
67%
BrazilSão Paulo East
67%
WashingtonSeattle
67%
FloridaTampa
67%
SamoaApia
60%
SpainBarcelona
60%
MassachusettsBoston
60%
BrazilBrasília
60%
AustraliaBrisbane
60%
BelgiumBrussels
60%
HungaryBudapest
60%
IllinoisChicago
60%
OhioCleveland
60%
AlbertaEdmonton
60%
TexasFort Worth
60%
GermanyFrankfurt
60%
Nova ScotiaHalifax
60%
New ZealandHamilton
60%
ZimbabweHarare
60%
MontanaHelena
60%
ChinaHong Kong
60%
IdahoIdaho Falls
60%
IndonesiaJakarta
60%
NigeriaLagos
60%
TexasMcAllen
60%
MexicoMonterrey
60%
UruguayMontevideo
60%
QuebecMontreal
60%
OklahomaOklahoma City
60%
FranceParis
60%
ArizonaPhoenix
60%
Papau New GuineaPort Moresby
60%
NevadaReno
60%
Costa RicaSan José
60%
CaliforniaSan Jose
60%
Puerto RicoSan Juan
60%
Dominican RepublicSanto Domingo
60%
MissouriSt. Louis
60%
SwedenStockholm
60%
TaiwanTaipei
60%
RussiaUndetermined Major City
60%
AustriaVienna
60%
New ZealandWellington
60%
NigeriaAba
53%
ChileAntofagasta
53%
PeruArequipa
53%
TexasAustin
53%
IndiaBengaluru
53%
AlbertaCalgary
53%
AlbertaCardston
53%
MexicoCiudad Juárez
53%
BoliviaCochabamba
53%
South CarolinaColumbia
53%
OhioColumbus
53%
MichiganDetroit
53%
AlaskaFairbanks
53%
FloridaFort Lauderdale
53%
CaliforniaFresno
53%
JapanFukuoka
53%
FloridaJacksonville
53%
HawaiiLaie
53%
BoliviaLa Paz
53%
PortugalLisbon
53%
TexasLubbock
53%
UtahManti
53%
TennesseeMemphis
53%
MexicoMérida
53%
ArizonaMesa
53%
KenyaNairobi
53%
TennesseeNashville
53%
IllinoisNauvoo
53%
JapanOsaka
53%
PanamaPanama City
53%
IdahoPocatello
53%
BrazilPorto Alegre
53%
VanuatuPort Vila
53%
Cabo VerdePraia
53%
EnglandPreston
53%
UtahProvo City Center
53%
ArgentinaSalta
53%
El SalvadorSan Salvador
53%
JapanSapporo
53%
KoreaSeoul
53%
People’s Republic of ChinaShanghai
53%
Republic of SingaporeSingapore
53%
WyomingStar Valley
53%
UtahSt. George
53%
FloridaTallahassee
53%
HondurasTegucigalpa
53%
MexicoTijuana
53%
ArizonaTucson
53%
OklahomaTulsa
53%
IdahoTwin Falls
53%
ManitobaWinnipeg
53%
PhilippinesAlabang
47%
CaliforniaBakersfield
47%
ColombiaBarranquilla
47%
BrazilBelém
47%
North DakotaBismarck
47%
Republic of CongoBrazzaville
47%
ColombiaCali
47%
VenezuelaCaracas
47%
North CarolinaCharlotte
47%
MexicoColonia Juárez Chihuahua
47%
South AfricaDurban
47%
New MexicoFarmington
47%
ArizonaGilbert
47%
ColoradoGrand Junction
47%
MexicoGuadalajara
47%
PeruLima Los Olivos
47%
KentuckyLouisville
47%
NicaraguaManagua
47%
New YorkManhattan
47%
OregonMedford
47%
IdahoMeridian
47%
MontanaMissoula
47%
LiberiaMonrovia
47%
WashingtonMoses Lake
47%
CaliforniaOakland
47%
UtahOrem
47%
UtahPayson
47%
GuatemalaQuetzaltenango
47%
BrazilRecife
47%
UtahRed Cliffs
47%
CaliforniaRedlands
47%
IdahoRexburg
47%
MissouriSpringfield
47%
FijiSuva
47%
NetherlandsThe Hague
47%
PeruTrujillo
47%
MongoliaUlaanbaatar
47%
UtahVernal
47%
Côte d'IvoireAbidjan
40%
MadagascarAntananarivo
40%
PhilippinesBacolod
40%
ArgentinaBahía Blanca
40%
MozambiqueBeira
40%
NigeriaBenin City
40%
ArkansasBentonville
40%
UtahBountiful
40%
UtahBrigham City
40%
IdahoBurley
40%
WyomingCasper
40%
PhilippinesCebu City
40%
WyomingCody
40%
WashingtonColumbia River
40%
ArgentinaCórdoba
40%
PhilippinesDavao
40%
UtahDraper
40%
BrazilFortaleza
40%
ColoradoFort Collins
40%
Sierra LeoneFreetown
40%
GermanyFreiberg
40%
ArizonaGila Valley
40%
MichiganGrand Rapids
40%
EcuadorGuayaquil
40%
UtahHeber Valley
40%
MexicoHermosillo Sonora
40%
GuatemalaHuehuetenango
40%
UtahJordan River
40%
TaiwanKaohsiung
40%
TennesseeKnoxville
40%
HawaiiKona
40%
UtahLayton
40%
AlbertaLethbridge
40%
UtahLindon
40%
NevadaLone Mountain
40%
AngolaLuanda
40%
BrazilManaus
40%
ArgentinaMendoza
40%
UtahMonticello
40%
TongaNuku'alofa
40%
MexicoOaxaca
40%
UtahOquirrh Mountain
40%
American SamoaPago Pago
40%
TahitiPapeete
40%
CambodiaPhnom Penh
40%
MexicoPuebla
40%
UtahSaratoga Springs
40%
ArizonaSnowflake
40%
WashingtonSpokane
40%
WashingtonTacoma
40%
OregonWillamette Valley
40%
NebraskaWinter Quarters
40%
GuamYigo
40%
CaliforniaYorba Linda
40%
KoreaBusan
33%
BrazilCampinas
33%
PeruChiclayo
33%
PeruCusco
33%
CaliforniaFeather River
33%
PeruIquitos
33%
HawaiiKahului
33%
GhanaKumasi
33%
Dem. Rep. of the CongoLubumbashi
33%
Dem. Rep. of the CongoMbuji-Mayi
33%
CaliforniaModesto
33%
CaliforniaNewport Beach
33%
UtahOgden
33%
JapanOkinawa
33%
New YorkPalmyra
33%
VirginiaRoanoke
33%
BrazilSalvador
33%
BoliviaSanta Cruz
33%
UtahSmithfield
33%
KiribatiTarawa
33%
MexicoToluca
33%
MexicoVeracruz
33%
MexicoVillahermosa
33%
ChileViña del Mar
33%
BrazilVitória
33%
KansasWichita
33%
BrazilBelo Horizonte
27%
PhilippinesCagayan de Oro
27%
GhanaCape Coast
27%
UtahCedar City
27%
GuatemalaCobán
27%
ChileConcepción
27%
BrazilCuritiba
27%
UtahDeseret Peak
27%
NigeriaEket
27%
NevadaElko
27%
UtahEphraim
27%
BrazilGoiãnia
27%
PeruHuancayo
27%
PhilippinesIloilo
27%
BrazilJoão Pessoa
27%
Dem. Rep. of the CongoKananga
27%
BrazilLondrina
27%
IdahoMontpelier
27%
BrazilNatal
27%
TongaNeiafu
27%
MexicoQuerétaro
27%
MexicoSan Luis Potosí
27%
HondurasSan Pedro Sula
27%
SamoaSavai'i
27%
UtahSyracuse
27%
MexicoTampico
27%
UtahTaylorsville
27%
PhilippinesUrdaneta
27%
VirginiaWinchester
27%
NigeriaCalabar
20%
MexicoCuernavaca
20%
PhilippinesLaoag
20%
BrazilMaceió
20%
TexasMcKinney
20%
PhilippinesNaga
20%
PeruPiura
20%
GuatemalaRetalhuleu
20%
BrazilSantos
20%
PhilippinesTacloban City
20%
BrazilTeresina
20%
MexicoTorreón
20%
MexicoCuliacán
13%
UtahMount Timpanogos
13%
MexicoPachuca
13%
BrazilRibeirão Preto
13%
IdahoTeton River
13%
PhilippinesTuguegarao City
13%
MexicoTula
13%
MexicoTuxtla Gutiérrez
13%

Score Distribution

Percentile by Number Answered

Percent of People with Each Score

Your Score History

You have not taken this quiz since the last reset